Pravdepodobnostné modelovanie inverznými distribučnými funkciami: modifikačné pravidlá pre kvantilové funkcie 4. z cyklu prezentácií

Gespeichert in:
Bibliographische Detailangaben
1. Verfasser: Sipková, Ľubica, 1962-
Format: Buch
Sprache:Englisch
Veröffentlicht: Bratislava [Katedra štatistiky FHI EU] 2009
Schlagworte:
Tags: Tag hinzufügen
Keine Tags, Fügen Sie das erste Tag hinzu!

MARC

LEADER 00000nam$a2200000$$$4500
001 0111846
005 20240502072235.6
041 0 |a eng 
044 |a SK 
245 1 0 |a Pravdepodobnostné modelovanie inverznými distribučnými funkciami: modifikačné pravidlá pre kvantilové funkcie  |b 4. z cyklu prezentácií  |c Ľubica Sipková 
264 1 |a Bratislava  |b [Katedra štatistiky FHI EU]  |c 2009 
610 2 0 |a pravdepodobnosť 
610 2 0 |a modelovanie matematické 
610 2 0 |a modely matematicko-štatistické 
100 1 |a Sipková, Ľubica, 1962-